000 00590nam a2200169 a 4500
001 000031806
005 20200930063208.0
008 110706s2004 dr 000 0 spa d
040 _aDO-SdBNP
_bspa
_cBNPHU
082 _axxx
_bA742
100 1 _aArnaiz, Francisco José
_96960
245 1 0 _aSegundo aniversario de la muerte del Dr. Balaguer /
_cJosé Francisco Arnaiz.
260 _aSanto Domingo :
_bAmigo del hogar,
_c2004.
300 _a12 p. ;
_c21 cm.
500 _aHomilía de Fco. José Arnaíz, iglesia Nuestra Señora de la Paz, Santo Domingo, 14 de julio del 2004
049 _aBNPD
999 _c31298
_d31298